[Event "Almeria Sola Memorial 1st"]
[Site "Almeria"]
[Date "2014.12.27"]
[Round "5"]
[White "Cezar, William Carlos Jr"]
[Black "Navarro Guirado, Javier"]
[Result "1-0"]
[WhiteElo "1985"]
[BlackElo "1702"]
[PlyCount "65"]
[EventDate "2014.12.26"]
[EventType "swiss"]
[EventRounds "7"]
[EventCountry "ESP"]
[SourceTitle "CBM 164 Extra"]
[Source "ChessBase"]
[SourceDate "2015.03.02"]
[SourceVersion "1"]
[SourceVersionDate "2015.03.02"]
[SourceQuality "1"]

1. c4 c6 2. g3 Nf6 3. Bg2 d5 4. cxd5 cxd5 5. Nf3 Nc6 6. 0-0 Bg4 7. a3 Qd7 8. b4 a6 9. Bb2 Bh3 10. Qb3 Bxg2 11. Kxg2 e6 12. Nc3 Bd6 13. Na4 Rd8 14. Rac1 h5 15. h4 e5 16. Nb6 Qf5 17. Nxd5 Nxd5 18. Qxd5 Be7 19. Qc4 e4 20. Nd4 Nxd4 21. Bxd4 Bxh4 22. Bb6 Ra8 23. d3 Bg5 24. f4 exf3+ 25. Rxf3 Qe6 26. Qxe6+ fxe6 27. Rc7 Bf6 28. Rxb7 Rh6 29. e4 Be7 30. d4 h4 31. g4 Rg6 32. Kh3 Rc8 33. Bc5 1-0

[Event "Roquetas de Mar U2150 op"]
[Site "Roquetas de Mar"]
[Date "2013.01.05"]
[Round "4.5"]
[White "Navarro Guirado, Javier"]
[Black "Garcia Domingo, Jose Antonio"]
[Result "0-1"]
[WhiteElo "1699"]
[BlackElo "1981"]
[PlyCount "52"]
[EventDate "2013.01.04"]
[EventType "swiss"]
[EventRounds "7"]
[EventCountry "ESP"]
[SourceTitle "EXT 2024"]
[Source "ChessBase"]
[SourceDate "2023.10.10"]
[SourceVersion "1"]
[SourceVersionDate "2023.10.10"]
[SourceQuality "1"]

1. e4 c5 2. Nc3 e6 3. g3 d5 4. exd5 exd5 5. d3 b6 6. Bg2 Bb7 7. Bf4 Nf6 8. Nb5 Na6 9. Qe2+ Kd7 10. Nf3 Kc6 11. c4 Ng4 12. h3 Qe8 13. hxg4 Qxe2+ 14. Kxe2 f6 15. Rhe1 Nb4 16. Na3 Re8+ 17. Kd2 Rxe1 18. Rxe1 g5 19. cxd5+ Kd7 20. Bxg5 fxg5 21. Ne5+ Kc8 22. d6 Bxg2 23. d7+ Kd8 24. Nf7+ Kxd7 25. Nxh8 Bd5 26. Rh1 Bxh1 0-1